Localiza la ciudad española en un mapa - Estadísticas

Estadísticas generales
  • Esta prueba ha sido intentada 5.169 veces
  • La puntuación promedio es 15 de 27
Respuestas en el mapa
Las respuestas están codificadas por una escala verde-roja en el mapa de la prueba según el % correcto abajo.
 
Estadísticas de respuestas
Respuesta % Correcto
Madrid
84%
Valencia
75%
Barcelona
71%
Bilbao
70%
Ibiza
70%
Santander
66%
San Sebastián / Donostia
64%
Las Palmas de Gran Canaria
62%
Zaragoza
62%
Málaga
60%
Logroño
59%
Gijón
58%
Toledo
58%
Granada
57%
Córdoba
55%
Algeciras
52%
Vigo
52%
Elche
50%
Ciudad Real
49%
Santiago de Compostela
48%
Cádiz
43%
Benidorm
42%
León
40%
Mérida
35%
Guadalajara
33%
Teruel
23%
Salamanca
22%
No se encontraron pruebas coincidentes
Distribución de puntuación
Porcentaje de gente con cada puntuación
Porcentaje por número respondido
Historial de tus puntuaciones
No has intentado esta prueba.